[Event "XXXIV Festival A"]
[Site "Arco ITA"]
[Date "2012.10.18"]
[Round "6"]
[White "Weinberg, Emanuele"]
[Black "Bergen, Klaus"]
[WhiteElo "1795"]
[BlackElo "1927"]
[Result "1/2-1/2"]
[PlyCount "61"]
[EventDate "2012.10.13"]

1. d4 Nf6 2. c4 g6 3. Nc3 Bg7 4. Nf3 O-O 5. g3 d6 6. Bg2 Nbd7 7. O-O e5 8. d5
a5 9. Bg5 h6 10. Bxf6 Qxf6 11. e4 Qe7 12. Qc2 Nc5 13. Nd2 f5 14. exf5 gxf5 15.
Rae1 Qf7 16. f3 h5 17. Nb3 b6 18. Nxc5 bxc5 19. Kh1 Bd7 20. Nd1 h4 21. g4 Bh6
22. h3 Bf4 23. Nc3 Bg3 24. Rd1 Bf4 25. Ne2 Bh6 26. Nc3 Kh8 27. Rde1 Bf4 28. Rd1
Qg7 29. Ne2 Bh6 30. Nc3 Bf4 31. Ne2 1/2-1/2

[Event "XXXIV Festival A"]
[Site "Arco ITA"]
[Date "2012.10.18"]
[Round "6"]
[White "Ziltener, Werner"]
[Black "Roessner, Uwe"]
[WhiteElo "2053"]
[BlackElo "1892"]
[Result "1-0"]
[PlyCount "61"]
[EventDate "2012.10.13"]

1. d4 d6 2. e4 Nf6 3. Bd3 e5 4. c3 Be7 5. f3 O-O 6. Ne2 c6 7. Be3 Nh5 8. Qd2 a6
9. Na3 b5 10. Nc2 Bd7 11. O-O a5 12. Rad1 Qc7 13. f4 c5 14. Ng3 Nxg3 15. hxg3
Bg4 16. Be2 Bxe2 17. Qxe2 Qb7 18. d5 Nd7 19. Ne1 b4 20. c4 a4 21. Nf3 Bf6 22.
f5 Qa6 23. g4 Nb6 24. Rc1 Ra7 25. g5 Bd8 26. Nd2 Nd7 27. Qh5 Re8 28. Rf3 Nf8
29. Rcf1 Qb7 30. Rh3 f6 31. Qxe8 1-0

[Event "XXXIV Festival A"]
[Site "Arco ITA"]
[Date "2012.10.18"]
[Round "6"]
[White "Zucchelli, Massimo"]
[Black "Drasko, Milan"]
[WhiteElo "2176"]
[BlackElo "2471"]
[Result "0-1"]
[PlyCount "74"]
[EventDate "2012.10.13"]

1. d4 e6 2. c4 Nf6 3. Nf3 Bb4+ 4. Nbd2 d6 5. a3 Bxd2+ 6. Qxd2 a5 7. b3 O-O 8.
Bb2 Qe7 9. g3 Nc6 10. Bg2 e5 11. d5 Nb8 12. O-O Nbd7 13. Nh4 Nc5 14. Qc2 a4 15.
b4 Nb3 16. Rad1 Re8 17. Nf5 Bxf5 18. Qxf5 Nd7 19. Bh3 Nb6 20. Qc2 c5 21. dxc6
bxc6 22. Bg2 Rac8 23. e3 Qe6 24. Be4 g6 25. c5 dxc5 26. bxc5 Nc4 27. Bc1 Nxc5
28. Bf3 Nb3 29. Be2 Nb6 30. Qd3 c5 31. Bb2 c4 32. Qc3 Nd5 33. Rxd5 Qxd5 34. Rd1
Qa5 35. Qxa5 Nxa5 36. Bc3 Nb3 37. Rd7 Nc5 0-1

[Event "XXXIV Festival A"]
[Site "Arco ITA"]
[Date "2012.10.19"]
[Round "7"]
[White "Ager, Josef"]
[Black "Tocco, Paolo"]
[WhiteElo "2193"]
[BlackElo "2133"]
[Result "1/2-1/2"]
[PlyCount "26"]
[EventDate "2012.10.13"]

1. Nf3 f5 2. d3 d5 3. c4 e6 4. Nc3 c6 5. Bg5 Be7 6. Bxe7 Qxe7 7. e4 dxc4 8.
dxc4 Nf6 9. exf5 exf5+ 10. Qe2 Na6 11. Qxe7+ Kxe7 12. O-O-O Re8 13. Bd3 Kf8
1/2-1/2

[Event "XXXIV Festival A"]
[Site "Arco ITA"]
[Date "2012.10.19"]
[Round "7"]
[White "Anfuso, Luigi"]
[Black "Galas, Franco"]
[WhiteElo "1743"]
[BlackElo "1735"]
[Result "1/2-1/2"]
[PlyCount "42"]
[EventDate "2012.10.13"]

1. d4 f5 2. Nf3 Nf6 3. g3 e6 4. Bg2 Be7 5. O-O d5 6. c4 c6 7. Nbd2 O-O 8. Qc2
Bd6 9. Ne5 Bc7 10. Ndf3 Nbd7 11. Bf4 Qe8 12. Nd3 Bxf4 13. Nxf4 h6 14. h4 Nh5
15. Nxh5 Qxh5 16. Ne5 Nxe5 17. dxe5 Bd7 18. f4 Qf7 19. Rad1 g6 20. Qb3 Rab8 21.
cxd5 cxd5 1/2-1/2

[Event "XXXIV Festival A"]
[Site "Arco ITA"]
[Date "2012.10.19"]
[Round "7"]
[White "Antonelli, Fabrizio"]
[Black "Gardini, Enrico"]
[WhiteElo "2011"]
[BlackElo "1807"]
[Result "1-0"]
[PlyCount "53"]
[EventDate "2012.10.13"]

1. e4 e5 2. Nf3 d6 3. d4 exd4 4. Nxd4 Nf6 5. Nc3 Be7 6. Be2 Bd7 7. Be3 Nc6 8.
O-O Nxd4 9. Bxd4 O-O 10. f4 Bc6 11. Bf3 Nd7 12. Nd5 Re8 13. Qd3 Bf8 14. b4 Nb6
15. c4 Bxd5 16. cxd5 c5 17. dxc6 bxc6 18. Qe3 d5 19. e5 Bxb4 20. Rac1 Nc4 21.
Rxc4 dxc4 22. Bxc6 Qa5 23. Bxa8 Rxa8 24. f5 a6 25. f6 Qxa2 26. e6 Re8 27. exf7+
1-0

[Event "XXXIV Festival A"]
[Site "Arco ITA"]
[Date "2012.10.19"]
[Round "7"]
[White "Arvola, Benjamin"]
[Black "Stap, Kees"]
[WhiteElo "2296"]
[BlackElo "2098"]
[Result "1-0"]
[PlyCount "83"]
[EventDate "2012.10.13"]

1. d4 d6 2. g3 c6 3. Bg2 e5 4. c4 f5 5. dxe5 dxe5 6. Qxd8+ Kxd8 7. e4 Be6 8. b3
fxe4 9. Bb2 Bb4+ 10. Nc3 e3 11. fxe3 Nf6 12. Nf3 Nbd7 13. Ng5 Bg8 14. a3 Bc5
15. Ke2 Kc7 16. Bh3 h6 17. Ne6+ Bxe6 18. Bxe6 Rhf8 19. Rad1 Rad8 20. Rhf1 b6
21. Nb1 a5 22. Bf5 Bd6 23. Nd2 Rfe8 24. Bg6 Re7 25. Nf3 Nc5 26. Bc2 Nce4 27.
Nh4 Red7 28. Nf5 Re8 29. Rd3 Nc5 30. Rxd6 Rxd6 31. Nxg7 Re7 32. Nf5 Nce4 33.
Nxe7 Rd2+ 34. Ke1 Rxc2 35. Bxe5+ Kd7 36. Bxf6 Rc1+ 37. Ke2 Rxf1 38. Kxf1 Nxf6
39. Nf5 h5 40. Ke2 Ke6 41. Nd4+ Kd6 42. Kf3 1-0

[Event "XXXIV Festival A"]
[Site "Arco ITA"]
[Date "2012.10.19"]
[Round "7"]
[White "Astengo, Corrado"]
[Black "De Eccher, Stefano"]
[WhiteElo "2119"]
[BlackElo "2230"]
[Result "1/2-1/2"]
[PlyCount "26"]
[EventDate "2012.10.13"]

1. e4 e5 2. Nf3 Nc6 3. Bb5 a6 4. Ba4 d6 5. O-O Bd7 6. d4 b5 7. Bb3 Nxd4 8. Nxd4
exd4 9. c3 dxc3 10. Qd5 Be6 11. Qc6+ Bd7 12. Qd5 Be6 13. Qc6+ Bd7 1/2-1/2

[Event "XXXIV Festival A"]
[Site "Arco ITA"]
[Date "2012.10.19"]
[Round "7"]
[White "Beltrami, Nerio"]
[Black "Schaberg, Wolfgang"]
[WhiteElo "1926"]
[BlackElo "1856"]
[Result "1-0"]
[PlyCount "101"]
[EventDate "2012.10.13"]

1. e4 d6 2. d4 Nf6 3. Nc3 g6 4. f4 Bg7 5. Nf3 O-O 6. Be3 c5 7. dxc5 Qa5 8. Bd3
Ng4 9. Bd2 Qxc5 10. Qe2 Nc6 11. h3 Nf6 12. Na4 Nd4 13. Nxc5 Nxe2 14. Kxe2 dxc5
15. g4 b6 16. Bc3 Bb7 17. Nd2 Rfd8 18. Rhe1 e6 19. Kf1 Ne8 20. e5 Nc7 21. Ne4
Bf8 22. Rad1 Be7 23. g5 Bc6 24. Bd2 Rd4 25. Nc3 Rad8 26. Be3 R4d7 27. Kf2 Kf8
28. a3 Ke8 29. h4 Kf8 30. h5 Kg7 31. h6+ Kf8 32. Be2 Rxd1 33. Rxd1 Rxd1 34.
Nxd1 Ke8 35. Nc3 Kd7 36. Bf3 Nd5 37. Ne2 Bb5 38. Nc1 Kc7 39. Nb3 Ba4 40. Na1
Bb5 41. b3 Nxe3 42. Kxe3 c4 43. b4 a5 44. c3 axb4 45. axb4 Bd7 46. Kd4 b5 47.
Nc2 Kb6 48. Be4 Be8 49. Ne3 Bd7 50. Ng4 Bc8 51. Nf6 1-0

[Event "XXXIV Festival A"]
[Site "Arco ITA"]
[Date "2012.10.19"]
[Round "7"]
[White "Bergen, Klaus"]
[Black "Del Nevo, Claudio"]
[WhiteElo "1927"]
[BlackElo "1821"]
[Result "1/2-1/2"]
[PlyCount "55"]
[EventDate "2012.10.13"]

1. e4 d6 2. d4 Nf6 3. Nc3 c6 4. f4 g6 5. Nf3 Bg7 6. Bd3 O-O 7. O-O b5 8. e5
dxe5 9. dxe5 Nd5 10. Nxd5 cxd5 11. Be3 a6 12. h3 Bb7 13. Nd4 e6 14. c3 Nd7 15.
Nf3 Rc8 16. Qe2 Nb6 17. Bd4 Nc4 18. b3 Na5 19. Rac1 Re8 20. Qe3 Nc6 21. Bc5 Bf8
22. Bxf8 Rxf8 23. b4 Rc7 24. Nd4 Qe7 25. a3 Rfc8 26. Kh2 Nb8 27. Be2 Nd7 28.
Nb3 1/2-1/2

[Event "XXXIV Festival A"]
[Site "Arco ITA"]
[Date "2012.10.19"]
[Round "7"]
[White "Bonade', Massimo"]
[Black "Albano, Marco"]
[WhiteElo "2086"]
[BlackElo "2226"]
[Result "0-1"]
[PlyCount "76"]
[EventDate "2012.10.13"]

1. d4 Nf6 2. c4 e6 3. Nc3 Bb4 4. e3 b6 5. Nge2 Bb7 6. a3 Bd6 7. Ng3 h5 8. d5
Be5 9. Nge4 Nxe4 10. Nxe4 f5 11. f4 fxe4 12. fxe5 Qh4+ 13. g3 Qg5 14. Qd4 h4
15. Bg2 hxg3 16. h3 Rh4 17. b4 Na6 18. Bb2 O-O-O 19. O-O-O c5 20. Qd2 cxb4 21.
axb4 exd5 22. cxd5 Qe7 23. Bc3 Kb8 24. Kb2 d6 25. Rhf1 dxe5 26. d6 Qe6 27. Qe1
Rh6 28. Qxg3 Rg6 29. Qh2 Rf6 30. Bxe5 Rxf1 31. Bxf1 Nxb4 32. Ka3 a5 33. Bxg7
Ka7 34. Rd4 Rc8 35. Rd2 Qf7 36. d7 Rd8 37. Qc7 Qxg7 38. Qxd8 Qc3+ 0-1

[Event "XXXIV Festival A"]
[Site "Arco ITA"]
[Date "2012.10.19"]
[Round "7"]
[White "Borries, Barbara"]
[Black "Bernardi, Ruben"]
[WhiteElo "1850"]
[BlackElo "2114"]
[Result "0-1"]
[PlyCount "70"]
[EventDate "2012.10.13"]

1. e4 c5 2. Nf3 Nc6 3. Bb5 g6 4. Nc3 Bg7 5. O-O Nd4 6. Bc4 e6 7. Re1 d6 8. Bb5+
Nxb5 9. Nxb5 Qb6 10. Qe2 Bd7 11. Nc3 Ne7 12. Rb1 Nc6 13. Na4 Qa5 14. b3 b5 15.
Nc3 Nd4 16. Qd1 O-O 17. a3 Nxf3+ 18. Qxf3 b4 19. Na4 bxa3 20. Bxa3 Bxa4 21.
bxa4 Rab8 22. Qd3 Be5 23. g3 Qxa4 24. Kg2 c4 25. Qe3 c3 26. Rxb8 Rxb8 27. Bxd6
Bxd6 28. Qxc3 Qb4 29. Qd3 a5 30. c3 Qc5 31. Ra1 Bc7 32. Qc2 e5 33. h4 Qb5 34.
Rf1 Qe2 35. Rc1 Rd8 0-1

[Event "XXXIV Festival A"]
[Site "Arco ITA"]
[Date "2012.10.19"]
[Round "7"]
[White "Buck, Klaus-Michael"]
[Black "De Nisi, Giuseppe"]
[WhiteElo "1756"]
[BlackElo "1816"]
[Result "0-1"]
[PlyCount "90"]
[EventDate "2012.10.13"]

1. Nf3 d6 2. e3 e5 3. Be2 Nf6 4. O-O Nc6 5. d4 e4 6. Nfd2 d5 7. c4 Be6 8. cxd5
Bxd5 9. Nc3 Nb4 10. Nxd5 Nbxd5 11. Qb3 Rb8 12. Bc4 c6 13. Bxd5 Qxd5 14. Qxd5
cxd5 15. a3 Bd6 16. b4 O-O 17. Bb2 Nd7 18. Rac1 f5 19. g3 Rf6 20. Rc2 Nb6 21.
Re1 Rg6 22. Kf1 Rh6 23. Kg2 g5 24. h3 f4 25. g4 f3+ 26. Nxf3 exf3+ 27. Kxf3
Rxh3+ 28. Ke2 Rf8 29. Rg1 Rh2 30. Kf1 Nc4 31. Bc1 Rf3 32. e4 Nxa3 33. Bxa3 Rxa3
34. e5 Bxb4 35. Rc8+ Bf8 36. Ke2 Ra2+ 37. Ke3 Rhxf2 38. Re1 Rf4 39. Rec1 Ra3+
40. Ke2 Rxd4 41. Rf1 Ra2+ 42. Ke3 Rxg4 43. Kd3 Ra3+ 44. Kd2 Rf4 45. Rxf4 gxf4
0-1

[Event "XXXIV Festival A"]
[Site "Arco ITA"]
[Date "2012.10.19"]
[Round "7"]
[White "Buglisi, Massimo"]
[Black "Weinberg, Emanuele"]
[WhiteElo "1922"]
[BlackElo "1795"]
[Result "1/2-1/2"]
[PlyCount "110"]
[EventDate "2012.10.13"]

1. d4 Nf6 2. c4 e6 3. Nc3 c5 4. d5 exd5 5. cxd5 d6 6. e4 g6 7. Bd3 Bg7 8. Nge2
O-O 9. O-O Re8 10. Ng3 a6 11. a4 b6 12. Bc4 Ng4 13. h3 Nh6 14. Be3 f5 15. Qd2
Nf7 16. exf5 Ne5 17. Be2 gxf5 18. Nh5 Qe7 19. Nxg7 Qxg7 20. f4 Ng6 21. Rae1 Ra7
22. Bh5 Rae7 23. Bf2 Rxe1 24. Rxe1 Rxe1+ 25. Bxe1 Qd4+ 26. Qxd4 cxd4 27. Ne2 d3
28. Bxg6 hxg6 29. Nc3 Nd7 30. Kf2 Nc5 31. Ke3 Bd7 32. Bh4 Kf7 33. Bd8 Nxa4 34.
Nxa4 Bxa4 35. Kxd3 b5 36. Kc3 Ke8 37. Bc7 Kd7 38. Bb6 Kc8 39. b3 b4+ 40. Kxb4
Bb5 41. g4 fxg4 42. hxg4 Bd3 43. Ka5 Kd7 44. Bd4 Kc7 45. Bg7 Kb7 46. Bf8 Kc7
47. b4 Bc4 48. f5 gxf5 49. gxf5 Kb7 50. Bxd6 Bxd5 51. f6 Bf7 52. Ka4 Kc6 53.
Be7 Bc4 54. Ka3 Kb5 55. Kb2 a5 1/2-1/2

[Event "XXXIV Festival A"]
[Site "Arco ITA"]
[Date "2012.10.19"]
[Round "7"]
[White "Burmakin, Vladimir"]
[Black "Bruno, Fabio"]
[WhiteElo "2579"]
[BlackElo "2416"]
[Result "1-0"]
[PlyCount "69"]
[EventDate "2012.10.13"]

1. Nf3 d5 2. c4 c6 3. d4 e6 4. Qc2 dxc4 5. Qxc4 Nf6 6. Bg5 b5 7. Qc2 Bb7 8. e3
Nbd7 9. Bd3 a6 10. a4 c5 11. Bxf6 gxf6 12. Be4 Qb8 13. O-O b4 14. Nbd2 Be7 15.
Rac1 f5 16. Bxb7 Qxb7 17. e4 fxe4 18. Nxe4 cxd4 19. Nxd4 O-O 20. Nc6 Nf6 21.
Rfd1 Kh8 22. Qd3 Nxe4 23. Qxe4 Bf6 24. Rc4 Rac8 25. b3 Bc3 26. h3 Rce8 27. Rd6
Rg8 28. g3 f5 29. Qd3 Qg7 30. Rd7 Qf6 31. Nxb4 Bxb4 32. Rxb4 Rd8 33. Rbb7 Rxd7
34. Qxd7 Qh4 35. Kh2 1-0

[Event "XXXIV Festival A"]
[Site "Arco ITA"]
[Date "2012.10.19"]
[Round "7"]
[White "Burnier, David"]
[Black "Messina, Roberta"]
[WhiteElo "2313"]
[BlackElo "1983"]
[Result "1-0"]
[PlyCount "51"]
[EventDate "2012.10.13"]

1. d4 Nf6 2. c4 Nc6 3. Nc3 e6 4. Nf3 Bb4 5. Qc2 d6 6. Bd2 Qe7 7. a3 Bxc3 8.
Bxc3 O-O 9. e3 e5 10. d5 Nb8 11. Nd2 Nbd7 12. b4 c6 13. dxc6 bxc6 14. Bd3 d5
15. O-O e4 16. Be2 Ne5 17. b5 dxc4 18. bxc6 Nxc6 19. Bxf6 Qxf6 20. Nxe4 Qg6 21.
Qxc4 Bb7 22. Ng3 Rac8 23. Rad1 Rfe8 24. Bh5 Qf6 25. Ne4 Qf5 26. Qxf7+ 1-0

[Event "XXXIV Festival A"]
[Site "Arco ITA"]
[Date "2012.10.19"]
[Round "7"]
[White "Casagrande, Fabio"]
[Black "Coolen, Marlo"]
[WhiteElo "1981"]
[BlackElo "1873"]
[Result "1/2-1/2"]
[PlyCount "96"]
[EventDate "2012.10.13"]

1. e4 c5 2. Nc3 e6 3. f4 a6 4. Nf3 Qc7 5. d3 Nf6 6. g3 d5 7. e5 Nfd7 8. Bg2 Be7
9. O-O O-O 10. Qe2 Nc6 11. Bd2 b5 12. Rae1 Nb6 13. Qd1 Rb8 14. Ne2 a5 15. g4 f5
16. exf6 Bxf6 17. c3 Be7 18. d4 Nc4 19. Bc1 a4 20. b3 axb3 21. axb3 Nb6 22. Ne5
Bh4 23. Ng3 cxd4 24. Nxc6 Qxc6 25. cxd4 b4 26. Rf2 Ba6 27. Rc2 Qd7 28. Bd2 Be7
29. f5 exf5 30. Nxf5 Bd6 31. Qa1 Bd3 32. Ra2 Bxf5 33. Ra7 Qb5 34. gxf5 Qd3 35.
Qd1 Qxd4+ 36. Be3 Qh4 37. Bxd5+ Kh8 38. Re2 Bxh2+ 39. Rxh2 Qg3+ 40. Kh1 Nxd5
41. Bd4 Nf6 42. Rg2 Qh4+ 43. Rh2 Qe4+ 44. Kg1 Rbd8 45. Rd2 Qxf5 46. Qa1 Qg4+
47. Kh1 Qh4+ 48. Kg1 Qg4+ 1/2-1/2

[Event "XXXIV Festival A"]
[Site "Arco ITA"]
[Date "2012.10.19"]
[Round "7"]
[White "De Simone Sorrentino, Fabio"]
[Black "Martinez, Guido"]
[WhiteElo "1703"]
[BlackElo "1843"]
[Result "0-1"]
[PlyCount "56"]
[EventDate "2012.10.13"]

1. e4 d6 2. d4 Nf6 3. Nc3 g6 4. f4 Bg7 5. Nf3 e6 6. Be2 O-O 7. O-O Nc6 8. e5
dxe5 9. fxe5 Nd5 10. Nxd5 exd5 11. c3 h6 12. h3 Qe7 13. Nh2 Nd8 14. Ng4 Bxg4
15. Bxg4 Ne6 16. Qb3 c6 17. Qc2 Rae8 18. Qa4 a6 19. b3 Qh4 20. Ba3 f5 21. Bxf8
Rxf8 22. Bd1 Qg3 23. Rf3 Qe1+ 24. Kh2 Ng5 25. Rd3 f4 26. Rb1 f3 27. Bxf3 Qxb1
28. Rd1 Nxf3+ 0-1

[Event "XXXIV Festival A"]
[Site "Arco ITA"]
[Date "2012.10.19"]
[Round "7"]
[White "Dieli, Riccardo"]
[Black "Niccoli, Paolo"]
[WhiteElo "1839"]
[BlackElo "1915"]
[Result "0-1"]
[PlyCount "112"]
[EventDate "2012.10.13"]

1. Nf3 c5 2. c4 Nc6 3. g3 e5 4. d3 g6 5. Bg2 Bg7 6. O-O Nge7 7. Bg5 h6 8. Bd2
O-O 9. Nc3 d6 10. Rb1 Be6 11. a3 a5 12. Qc1 Kh7 13. Nb5 Rc8 14. b4 axb4 15.
axb4 cxb4 16. Bxb4 Nxb4 17. Rxb4 d5 18. Nd2 Nc6 19. Ra4 f5 20. Qa3 Re8 21. cxd5
Bxd5 22. Bxd5 Qxd5 23. Qb3 Qd7 24. Nc4 Qe6 25. Rb1 Nd4 26. Nxd4 exd4 27. Rb2
Rc7 28. Qb6 Qxb6 29. Nxb6 Rc1+ 30. Kg2 Re1 31. Kf3 g5 32. Raa2 g4+ 33. Kg2 Re6
34. Nc4 b5 35. Rxb5 R6xe2 36. Rxe2 Rxe2 37. Rxf5 Rc2 38. h3 Rc3 39. Ne5 Rc5 40.
hxg4 Rxe5 41. Rxe5 Bxe5 42. f4 Bg7 43. Kf3 Kg6 44. Ke4 Bf6 45. Kf3 Kf7 46. Ke4
Ke6 47. g5 hxg5 48. fxg5 Bg7 49. Kf4 Bf8 50. Ke4 Bc5 51. Kf4 Kf7 52. Kf5 Ba7
53. g6+ Kg7 54. g4 Bb6 55. Kg5 Bd8+ 56. Kf5 Bf6 0-1

[Event "XXXIV Festival A"]
[Site "Arco ITA"]
[Date "2012.10.19"]
[Round "7"]
[White "Dittmar, Peter"]
[Black "Titz, Heimo"]
[WhiteElo "2329"]
[BlackElo "2168"]
[Result "1/2-1/2"]
[PlyCount "55"]
[EventDate "2012.10.13"]

1. d4 Nf6 2. c4 e6 3. Nc3 Bb4 4. e3 c5 5. Nge2 cxd4 6. exd4 O-O 7. a3 Be7 8. g3
d5 9. cxd5 Nxd5 10. Bg2 Nc6 11. O-O Re8 12. Qc2 Bf6 13. Rd1 Nxc3 14. bxc3 Bd7
15. Be3 Rc8 16. Rab1 b6 17. c4 Na5 18. c5 Bc6 19. Bxc6 Nxc6 20. Qa4 bxc5 21.
dxc5 Qc7 22. Qa6 Rb8 23. Rxb8 Rxb8 24. Qd3 Rd8 25. Qb1 Rxd1+ 26. Qxd1 Qd8 27.
Qa4 Qd5 28. Nf4 1/2-1/2

[Event "XXXIV Festival A"]
[Site "Arco ITA"]
[Date "2012.10.19"]
[Round "7"]
[White "Dobboletta, Alex"]
[Black "Bisignano, Giuseppe"]
[WhiteElo "1995"]
[BlackElo "1891"]
[Result "1-0"]
[PlyCount "77"]
[EventDate "2012.10.13"]

1. e4 e5 2. Nf3 d6 3. d4 exd4 4. Nxd4 Nf6 5. Nc3 g6 6. Bc4 Bg7 7. O-O O-O 8.
Bg5 c6 9. f4 Qb6 10. Kh1 Nxe4 11. Nxe4 Qxd4 12. Qxd4 Bxd4 13. Nxd6 b5 14. Be7
Nd7 15. Bxf8 Kxf8 16. Bxf7 Bc5 17. Nxc8 Kxf7 18. Rad1 Nf6 19. Nd6+ Kg8 20. Nb7
Bb6 21. b4 Ng4 22. Rd2 Re8 23. h3 Nf6 24. Nc5 a5 25. Rd6 Nh5 26. Kh2 Bc7 27.
Rxc6 Bxf4+ 28. Rxf4 Nxf4 29. bxa5 Re2 30. Kg3 g5 31. Rc8+ Kg7 32. a6 Re3+ 33.
Kf2 Ra3 34. Rc7+ Kg6 35. a7 Rxa2 36. Rc6+ Kf5 37. Na6 Nd3+ 38. Ke2 Ke4 39. a8=Q
1-0

[Event "XXXIV Festival A"]
[Site "Arco ITA"]
[Date "2012.10.19"]
[Round "7"]
[White "Duruz, Noe"]
[Black "Schaefer, Michael"]
[WhiteElo "1930"]
[BlackElo "2174"]
[Result "0-1"]
[PlyCount "114"]
[EventDate "2012.10.13"]

1. e4 c5 2. Nf3 Nc6 3. d4 cxd4 4. Nxd4 Nf6 5. Nc3 d6 6. Bg5 e6 7. Be2 Be7 8.
O-O O-O 9. Kh1 a6 10. f4 Qc7 11. Bf3 Bd7 12. Nxc6 Bxc6 13. Qe1 h6 14. Bh4 e5
15. Bxf6 Bxf6 16. f5 b5 17. a3 a5 18. Qf2 Rfc8 19. b4 Qa7 20. Qxa7 Rxa7 21. Be2
Rb8 22. bxa5 Rxa5 23. Rfb1 Bg5 24. Nd5 Bxd5 25. exd5 Be3 26. Rb3 Bc5 27. a4 b4
28. c3 Rba8 29. h3 bxc3 30. Rxc3 Bd4 31. Rac1 Bxc3 32. Rxc3 Rxa4 33. Rc6 Rd8
34. Rc7 Rf4 35. Bg4 Rb8 36. Rd7 Rb6 37. Rd8+ Kh7 38. Rd7 h5 39. Bxh5 Rxf5 40.
Bxf7 Rf6 41. h4 Rb4 42. h5 Rb2 43. Bg6+ Kh6 44. Kh2 Rd2 45. Bf7 e4 46. Re7 e3
47. Be8 Rxd5 48. Rxe3 Re5 49. Rxe5 dxe5 50. g4 Kg5 51. Kg3 Rf4 52. Bd7 e4 53.
Bf5 Rf3+ 54. Kg2 Kf4 55. Bd7 e3 56. Bb5 Rf2+ 57. Kg1 Kxg4 0-1

[Event "XXXIV Festival A"]
[Site "Arco ITA"]
[Date "2012.10.19"]
[Round "7"]
[White "Espinosa Cancino, Cristina"]
[Black "Pedrotti, Luciano"]
[WhiteElo "1479"]
[BlackElo "1811"]
[Result "0-1"]
[PlyCount "116"]
[EventDate "2012.10.13"]

1. e4 e5 2. Nf3 Nc6 3. Bb5 a6 4. Ba4 Be7 5. O-O b5 6. Bb3 Nf6 7. Re1 O-O 8. c3
d6 9. h3 Bb7 10. d3 Nb8 11. Bc2 Nbd7 12. Be3 c5 13. b3 d5 14. d4 exd4 15. cxd4
Nxe4 16. dxc5 Bxc5 17. Bxc5 Ndxc5 18. b4 Qf6 19. Nbd2 Nc3 20. Qc1 N5e4 21. Nb3
Rac8 22. Qe3 h6 23. Nfd4 Qg5 24. Qd3 g6 25. f3 Nd6 26. Nc5 Na4 27. Bxa4 bxa4
28. Nxa4 Rce8 29. Nc5 Bc8 30. Rad1 Qh4 31. Ne2 Nc4 32. Qc3 Re3 33. Qd4 Qe7 34.
Kf1 Re8 35. Nd3 Rxe2 36. Qxd5 Rxe1+ 37. Rxe1 Qxe1+ 38. Nxe1 Ne3+ 39. Kf2 Nxd5
40. Nd3 Nc3 41. Nc1 Be6 42. a3 Bc4 43. g4 Na2 44. Nxa2 Bxa2 45. h4 Rc8 46. Kg3
Rc3 47. a4 Bd5 48. Kf4 f6 49. Kg3 Bxf3 50. b5 axb5 51. axb5 Bc6+ 52. Kf2 Bxb5
53. Kg2 Kf7 54. Kf2 Ke6 55. Kg2 Ke5 56. Kf2 Kf4 57. Kg2 Rc2+ 58. Kg1 Kg3 0-1

[Event "XXXIV Festival A"]
[Site "Arco ITA"]
[Date "2012.10.19"]
[Round "7"]
[White "Espinosa Cancino, Miguel"]
[Black "Salati, Paolo"]
[WhiteElo "1696"]
[BlackElo "1887"]
[Result "1/2-1/2"]
[PlyCount "80"]
[EventDate "2012.10.13"]

1. d4 d5 2. Nf3 Nf6 3. e3 Bg4 4. Bd3 Nc6 5. c3 e5 6. dxe5 Nxe5 7. Qa4+ Bd7 8.
Qd1 Nxd3+ 9. Qxd3 Bd6 10. Nbd2 O-O 11. O-O a6 12. Re1 Bb5 13. Qc2 Re8 14. e4
dxe4 15. Nxe4 Nxe4 16. Rxe4 Rxe4 17. Qxe4 Bc6 18. Qe2 Qe8 19. Qxe8+ Rxe8 20.
Be3 f5 21. Nd4 Bd7 22. Re1 Bf4 23. Nf3 Bxe3 24. Rxe3 Rxe3 25. fxe3 Kf7 26. Kf2
Kf6 27. Kg3 g5 28. Nd2 Bc6 29. a3 h6 30. h4 Bd5 31. hxg5+ hxg5 32. Kf2 Ke5 33.
g3 b5 34. Ke2 c5 35. Kf2 a5 36. Ke2 a4 37. Kf2 g4 38. Ke2 Be4 39. Kf2 Kd5 40.
Ke2 Ke5 1/2-1/2

[Event "XXXIV Festival A"]
[Site "Arco ITA"]
[Date "2012.10.19"]
[Round "7"]
[White "Facchetti, Gianni"]
[Black "Antoniacci, Riccardo"]
[WhiteElo "2087"]
[BlackElo "1911"]
[Result "1-0"]
[PlyCount "76"]
[EventDate "2012.10.13"]

1. e4 Nc6 2. Nf3 e5 3. Bc4 Nf6 4. Nc3 Bc5 5. O-O d6 6. h3 Be6 7. Bxe6 fxe6 8.
d3 Qe7 9. Na4 O-O-O 10. Qe2 Nd4 11. Nxd4 Bxd4 12. c3 Bb6 13. Nxb6+ axb6 14. a4
Kd7 15. d4 exd4 16. cxd4 c6 17. Re1 Rhe8 18. Bf4 Ra8 19. b3 Ra6 20. Qd3 Qf7 21.
Bh2 d5 22. Qg3 e5 23. dxe5 Nxe4 24. e6+ Rxe6 25. Qc7+ Ke8 26. Qc8+ Ke7 27. Rxe4
dxe4 28. Qxb7+ Kf8 29. Qxa6 Qf6 30. Rf1 Qd4 31. Qc8+ Kf7 32. Qc7+ Kg8 33. Bf4
Rg6 34. Be3 Qf6 35. Qb8+ Kf7 36. Bxb6 Qf3 37. Qc7+ Ke8 38. Qd8+ Kf7 1-0

[Event "XXXIV Festival A"]
[Site "Arco ITA"]
[Date "2012.10.19"]
[Round "7"]
[White "Fuggetta, Leonardo"]
[Black "Bonagura, Stefano"]
[WhiteElo "2017"]
[BlackElo "2172"]
[Result "0-1"]
[PlyCount "66"]
[EventDate "2012.10.13"]

1. d4 d5 2. c4 c6 3. Nf3 Nf6 4. e3 e6 5. b3 Nbd7 6. Bb2 Bd6 7. Bd3 O-O 8. O-O
b6 9. Ne5 Bb7 10. Nd2 Rc8 11. f4 c5 12. Ndf3 cxd4 13. exd4 Ne4 14. Nxd7 Qxd7
15. Ne5 Qe7 16. cxd5 exd5 17. f5 Bxe5 18. Bxe4 Bxh2+ 19. Kxh2 Qh4+ 20. Kg1 dxe4
21. f6 g6 22. Qd2 Rfe8 23. Rae1 Bd5 24. Re3 Qg5 25. Qf2 Rc2 26. Qxc2 Qxe3+ 27.
Qf2 Qg5 28. Bc1 e3 29. Qe2 Qg3 30. Ba3 h5 31. Be7 h4 32. Rc1 h3 33. Rc3 Bxg2
0-1

[Event "XXXIV Festival A"]
[Site "Arco ITA"]
[Date "2012.10.19"]
[Round "7"]
[White "Goli, Daniele"]
[Black "Di Lazzaro, Gabriele"]
[WhiteElo "1986"]
[BlackElo "1888"]
[Result "1/2-1/2"]
[PlyCount "83"]
[EventDate "2012.10.13"]

1. d4 Nf6 2. c4 c5 3. d5 b5 4. cxb5 a6 5. bxa6 Bxa6 6. Nc3 g6 7. g3 d6 8. Nf3
Bg7 9. Bg2 Nbd7 10. O-O Nb6 11. Re1 O-O 12. Nd2 Qc7 13. Qc2 Rfb8 14. e4 Ng4 15.
Nf3 Nc4 16. Bf1 Qa5 17. Bxc4 Bxc4 18. h3 Ne5 19. Nxe5 Bxe5 20. Bd2 Qa6 21. Re3
Qb7 22. Bc1 Ra7 23. a3 Bb3 24. Qd2 Qd7 25. Kg2 Bc4 26. Ne2 h5 27. f4 Bg7 28.
Rf3 f5 29. Re3 fxe4 30. Rxe4 Ba6 31. Kh2 Qf5 32. Re3 Bc8 33. Ng1 Bd4 34. Re2
Bxg1+ 35. Kxg1 Qxh3 36. Qe1 Kf7 37. f5 Bxf5 38. Bg5 Rbb7 39. Qc3 Qg4 40. Qe3
Qd4 41. Rae1 Qxe3+ 42. Rxe3 1/2-1/2

[Event "XXXIV Festival A"]
[Site "Arco ITA"]
[Date "2012.10.19"]
[Round "7"]
[White "Herold, Hansjoerg"]
[Black "Skagseth, Havard M."]
[WhiteElo "2043"]
[BlackElo "1835"]
[Result "1/2-1/2"]
[PlyCount "38"]
[EventDate "2012.10.13"]

1. e4 c5 2. c3 g6 3. d4 cxd4 4. cxd4 d5 5. exd5 Nf6 6. Nf3 Nxd5 7. Nc3 Bg7 8.
Qb3 Nb6 9. Bb5+ Bd7 10. Ne5 O-O 11. Nxd7 N8xd7 12. Be3 Nf6 13. Be2 Qd7 14. O-O
Nfd5 15. Nxd5 Nxd5 16. Rfd1 Rac8 17. Rd2 Rc7 18. Rad1 Rfc8 19. Bf3 e6 1/2-1/2

[Event "XXXIV Festival A"]
[Site "Arco ITA"]
[Date "2012.10.19"]
[Round "7"]
[White "Hilbenz, Guntram"]
[Black "Maddaloni, Giovanni"]
[WhiteElo "1897"]
[BlackElo "1762"]
[Result "1-0"]
[PlyCount "79"]
[EventDate "2012.10.13"]

1. c4 Nf6 2. g3 g6 3. Bg2 Bg7 4. Nf3 d6 5. Nc3 O-O 6. O-O c5 7. a3 Nc6 8. Rb1
e6 9. b4 d5 10. cxd5 exd5 11. bxc5 d4 12. Nb5 Ne4 13. Qc2 f5 14. d3 Nc3 15.
Nxc3 dxc3 16. e3 Ne7 17. d4 Nd5 18. Ne5 Bxe5 19. dxe5 Be6 20. Rd1 Rf7 21. Rb4
Rd7 22. Rbd4 Rc8 23. Bxd5 Bxd5 24. Qxc3 b6 25. Qd2 Rxc5 26. a4 Qa8 27. f4 Kf7
28. Ba3 Ra5 29. Bd6 Bf3 30. Qa2+ Kg7 31. Bf8+ Qxf8 32. Rxd7+ Kh6 33. R1d6 Rc5
34. Qe6 Be4 35. Rf7 Rc1+ 36. Kf2 Rc2+ 37. Ke1 Rc1+ 38. Kd2 Rc2+ 39. Kd1 Qc8 40.
Rxh7+ 1-0